<?xml version="1.0" encoding="UTF-8"?>
<record
    xmlns:xsi="http://www.w3.org/2001/XMLSchema-instance"
    xsi:schemaLocation="http://www.loc.gov/MARC21/slim http://www.loc.gov/standards/marcxml/schema/MARC21slim.xsd"
    xmlns="http://www.loc.gov/MARC21/slim">

  <leader>02099nam a2200373 u 4500</leader>
  <controlfield tag="001">437458</controlfield>
  <controlfield tag="005">20260506083021.0</controlfield>
  <controlfield tag="008">990531s1997                        spa  </controlfield>
  <datafield tag="020" ind1=" " ind2=" ">
    <subfield code="a">9507246541</subfield>
  </datafield>
  <datafield tag="035" ind1=" " ind2=" ">
    <subfield code="a">437458</subfield>
  </datafield>
  <datafield tag="035" ind1=" " ind2=" ">
    <subfield code="a">(OCoLC)644954092</subfield>
  </datafield>
  <datafield tag="040" ind1=" " ind2=" ">
    <subfield code="c">comduadb</subfield>
  </datafield>
  <datafield tag="041" ind1=" " ind2=" ">
    <subfield code="a">spa</subfield>
  </datafield>
  <datafield tag="080" ind1=" " ind2=" ">
    <subfield code="a">Q</subfield>
  </datafield>
  <datafield tag="082" ind1=" " ind2="4">
    <subfield code="a">361</subfield>
  </datafield>
  <datafield tag="100" ind1="1" ind2="0">
    <subfield code="a">Kisnerman, Natalio</subfield>
    <subfield code="4">aut</subfield>
    <subfield code="e">aut</subfield>
    <subfield code="9">309849</subfield>
  </datafield>
  <datafield tag="245" ind1="1" ind2="0">
    <subfield code="a">Sistematizaci&#xF3;n de la pr&#xE1;ctica con grupos</subfield>
  </datafield>
  <datafield tag="250" ind1=" " ind2=" ">
    <subfield code="a">2. ed.</subfield>
  </datafield>
  <datafield tag="260" ind1=" " ind2=" ">
    <subfield code="a">Buenos Aires :</subfield>
    <subfield code="b">Lumen Humanitas,</subfield>
    <subfield code="c">1997.</subfield>
  </datafield>
  <datafield tag="300" ind1=" " ind2=" ">
    <subfield code="a">106 p&#xE1;ginas</subfield>
  </datafield>
  <datafield tag="490" ind1="0" ind2=" ">
    <subfield code="a">Coleccion Politica, Servicios y Trabajo Social</subfield>
  </datafield>
  <datafield tag="500" ind1=" " ind2=" ">
    <subfield code="a">Compra:c.c.8601 corporacion interuniversitaria de servicios:mar./99.</subfield>
  </datafield>
  <datafield tag="505" ind1=" " ind2=" ">
    <subfield code="a">CONTENIDO : &#xBF;Qui&#xE9;n le teme a la sistematizaci&#xF3;n. -- La sistematizaci&#xF3;n. -- Sistematizaci&#xF3;n de una experiencia en salud mental. -- Nueva gu&#xED;a para la sistematizaci&#xF3;n de procesos grupales. -- L&#xE9;xico para la sistematizaci&#xF3;n de procesos grupales. -- Intervenci&#xF3;n grupal con adolescentes. Sistematizaci&#xF3;n de una pr&#xE1;ctica.</subfield>
  </datafield>
  <datafield tag="520" ind1="3" ind2=" ">
    <subfield code="a">Una de las mayores dificultades que a enfrentado en su trayectoria el trabajo social se sit&#xFA;a en la falta de sistematizaciones de sus propias pr&#xE1;cticas muchas de las cuales, de una gran riqueza, se han perdido porque no se orden&#xF3; la informaci&#xF3;n sobre ellas, para producir trabajos que permitieran enriquecer su desarrollo.  el presete liro es un intento de demostrar la factibilidad de tal sistematizaci&#xF3;n, cuando se entiende que una profesi&#xF3;n no es simplemente un quehacer, sino que debe, desde la pr&#xE1;ctica, generar esquemas conceptuales-metodol&#xF3;gicos que gu&#xED;en otras pr&#xE1;cticas.</subfield>
  </datafield>
  <datafield tag="650" ind1=" " ind2=" ">
    <subfield code="a">Sistematizaci&#xF3;n de pr&#xE1;cticas</subfield>
    <subfield code="9">198755</subfield>
  </datafield>
  <datafield tag="650" ind1=" " ind2=" ">
    <subfield code="a">Trabajo social de grupo</subfield>
    <subfield code="9">5194</subfield>
  </datafield>
  <datafield tag="650" ind1=" " ind2="7">
    <subfield code="a">Sistemas de almacenamiento y recuperaci&#xF3;n de informaci&#xF3;n</subfield>
    <subfield code="2">lemb</subfield>
    <subfield code="9">48597</subfield>
  </datafield>
  <datafield tag="650" ind1=" " ind2="7">
    <subfield code="a">Salud mental</subfield>
    <subfield code="2">dcs</subfield>
    <subfield code="9">188061</subfield>
  </datafield>
  <datafield tag="650" ind1=" " ind2=" ">
    <subfield code="a">Intervenci&#xF3;n social</subfield>
    <subfield code="9">144441</subfield>
  </datafield>
  <datafield tag="650" ind1=" " ind2=" ">
    <subfield code="a">Trabajo social con adolescentes</subfield>
    <subfield code="9">27346</subfield>
  </datafield>
  <datafield tag="650" ind1=" " ind2="7">
    <subfield code="a">Adolescentes</subfield>
    <subfield code="2">lemb</subfield>
    <subfield code="9">66395</subfield>
  </datafield>
  <datafield tag="700" ind1="1" ind2="0">
    <subfield code="a">Mustieles Munoz, David</subfield>
    <subfield code="4">aut</subfield>
    <subfield code="e">aut</subfield>
    <subfield code="9">496966</subfield>
  </datafield>
  <datafield tag="942" ind1=" " ind2=" ">
    <subfield code="c">BOOK</subfield>
  </datafield>
  <datafield tag="999" ind1=" " ind2=" ">
    <subfield code="c">120902</subfield>
    <subfield code="d">120902</subfield>
  </datafield>
  <datafield tag="952" ind1=" " ind2=" ">
    <subfield code="0">0</subfield>
    <subfield code="1">0</subfield>
    <subfield code="4">0</subfield>
    <subfield code="7">0</subfield>
    <subfield code="8">GEN</subfield>
    <subfield code="a">BC</subfield>
    <subfield code="b">BC</subfield>
    <subfield code="d">1999-05-31</subfield>
    <subfield code="g">14400.00</subfield>
    <subfield code="i">C506275</subfield>
    <subfield code="l">0</subfield>
    <subfield code="o">361.4 K61s</subfield>
    <subfield code="p">796292</subfield>
    <subfield code="r">2023-04-22 00:00:00</subfield>
    <subfield code="t">1</subfield>
    <subfield code="w">2023-04-22</subfield>
    <subfield code="y">BOOK</subfield>
  </datafield>
  <datafield tag="952" ind1=" " ind2=" ">
    <subfield code="0">0</subfield>
    <subfield code="1">0</subfield>
    <subfield code="4">0</subfield>
    <subfield code="7">0</subfield>
    <subfield code="8">GENERAL</subfield>
    <subfield code="a">CISH</subfield>
    <subfield code="b">CISH</subfield>
    <subfield code="d">2014-10-30</subfield>
    <subfield code="e">Plaza &amp; Janes</subfield>
    <subfield code="i">C1215765</subfield>
    <subfield code="l">0</subfield>
    <subfield code="o">Q-10558</subfield>
    <subfield code="p">15990947</subfield>
    <subfield code="r">2023-04-22 00:00:00</subfield>
    <subfield code="t">1</subfield>
    <subfield code="w">2023-04-22</subfield>
    <subfield code="y">BOOK</subfield>
  </datafield>
  <datafield tag="952" ind1=" " ind2=" ">
    <subfield code="0">0</subfield>
    <subfield code="1">0</subfield>
    <subfield code="4">0</subfield>
    <subfield code="7">0</subfield>
    <subfield code="8">GEN</subfield>
    <subfield code="a">BC</subfield>
    <subfield code="b">BC</subfield>
    <subfield code="d">2014-11-07</subfield>
    <subfield code="e">Material adquirido por donaci&#xF3;n</subfield>
    <subfield code="g">17000.00</subfield>
    <subfield code="i">C1216680</subfield>
    <subfield code="l">0</subfield>
    <subfield code="o">3614 K61s e2</subfield>
    <subfield code="p">01003461</subfield>
    <subfield code="r">2023-04-22 00:00:00</subfield>
    <subfield code="t">2</subfield>
    <subfield code="w">2023-04-22</subfield>
    <subfield code="y">BOOK</subfield>
  </datafield>
  <datafield tag="952" ind1=" " ind2=" ">
    <subfield code="0">0</subfield>
    <subfield code="1">0</subfield>
    <subfield code="4">0</subfield>
    <subfield code="7">0</subfield>
    <subfield code="8">GENERAL</subfield>
    <subfield code="a">ANDES</subfield>
    <subfield code="b">ANDES</subfield>
    <subfield code="d">2011-11-01</subfield>
    <subfield code="e">CIS (Corporacion Interuniversitaria de Servicios)</subfield>
    <subfield code="g">27200.00</subfield>
    <subfield code="i">C1129760</subfield>
    <subfield code="l">0</subfield>
    <subfield code="o">361.4 K61s</subfield>
    <subfield code="p">803313</subfield>
    <subfield code="r">2023-04-22 00:00:00</subfield>
    <subfield code="t">2</subfield>
    <subfield code="w">2023-04-22</subfield>
    <subfield code="y">BOOK</subfield>
  </datafield>
  <datafield tag="952" ind1=" " ind2=" ">
    <subfield code="0">0</subfield>
    <subfield code="1">0</subfield>
    <subfield code="4">0</subfield>
    <subfield code="7">0</subfield>
    <subfield code="8">GENERAL</subfield>
    <subfield code="a">BYARU</subfield>
    <subfield code="b">BYARU</subfield>
    <subfield code="d">2009-08-19</subfield>
    <subfield code="e">CIS (Corporacion Interuniversitaria de Servicios)</subfield>
    <subfield code="g">25500.00</subfield>
    <subfield code="i">C1062586</subfield>
    <subfield code="l">0</subfield>
    <subfield code="o">361.4/K61s</subfield>
    <subfield code="p">0697164</subfield>
    <subfield code="r">2023-04-22 00:00:00</subfield>
    <subfield code="t">3</subfield>
    <subfield code="w">2023-04-22</subfield>
    <subfield code="y">BOOK</subfield>
  </datafield>
  <datafield tag="952" ind1=" " ind2=" ">
    <subfield code="0">0</subfield>
    <subfield code="1">0</subfield>
    <subfield code="4">0</subfield>
    <subfield code="7">0</subfield>
    <subfield code="8">GENERAL</subfield>
    <subfield code="a">BSEGO</subfield>
    <subfield code="b">BSEGO</subfield>
    <subfield code="d">2011-11-22</subfield>
    <subfield code="e">Universidad Eafit</subfield>
    <subfield code="g">23000.00</subfield>
    <subfield code="i">C1131453</subfield>
    <subfield code="l">0</subfield>
    <subfield code="o">361.4 K61s</subfield>
    <subfield code="p">804989</subfield>
    <subfield code="r">2023-04-22 00:00:00</subfield>
    <subfield code="t">4</subfield>
    <subfield code="w">2023-04-22</subfield>
    <subfield code="y">BOOK</subfield>
  </datafield>
  <datafield tag="952" ind1=" " ind2=" ">
    <subfield code="0">0</subfield>
    <subfield code="1">0</subfield>
    <subfield code="4">0</subfield>
    <subfield code="7">0</subfield>
    <subfield code="8">GENERAL</subfield>
    <subfield code="a">BOCCI</subfield>
    <subfield code="b">BOCCI</subfield>
    <subfield code="d">2011-11-29</subfield>
    <subfield code="e">CIS (Corporacion Interuniversitaria de Servicios)</subfield>
    <subfield code="g">23000.00</subfield>
    <subfield code="i">C1132074</subfield>
    <subfield code="l">0</subfield>
    <subfield code="o">361.4 K61s</subfield>
    <subfield code="p">804978</subfield>
    <subfield code="r">2023-04-22 00:00:00</subfield>
    <subfield code="t">5</subfield>
    <subfield code="w">2023-04-22</subfield>
    <subfield code="y">BOOK</subfield>
  </datafield>
  <datafield tag="952" ind1=" " ind2=" ">
    <subfield code="0">0</subfield>
    <subfield code="1">0</subfield>
    <subfield code="4">0</subfield>
    <subfield code="7">0</subfield>
    <subfield code="8">GENERAL</subfield>
    <subfield code="a">SCDM</subfield>
    <subfield code="b">SCDM</subfield>
    <subfield code="d">2009-03-16</subfield>
    <subfield code="e">CIS (Corporacion Interuniversitaria de Servicios)</subfield>
    <subfield code="g">32300.00</subfield>
    <subfield code="i">C1038482</subfield>
    <subfield code="l">0</subfield>
    <subfield code="o">361.4 K61s</subfield>
    <subfield code="p">6-10000003085359</subfield>
    <subfield code="r">2023-04-22 00:00:00</subfield>
    <subfield code="t">6</subfield>
    <subfield code="w">2023-04-22</subfield>
    <subfield code="y">BOOK</subfield>
  </datafield>
</record>
